Medaliści Mistrzostw Świata w Lotach Narciarskich 2018 - Statystyki

Ogólne statystyki
  • Ten quiz został rozwiązany 31 razy
  • Średni wynik to 13 z 15
Statystyki odpowiedzi
Konkurs Miejsce Reprezentancja Zawodnik % Poprawnych
3. Polska Dawid Kubacki
100%
2. Słowenia Domen Prevc
100%
2. Polska Kamil Stoch
100%
3. Polska Kamil Stoch
100%
2. Słowenia Peter Prevc
100%
3. Polska Piotr Żyła
100%
Drużynowy 1. Norwegia Robert Johansson
97%
Indywidualny 1. Norwegia Daniel-André Tande
93%
1. Norwegia Daniel-André Tande
93%
1. Norwegia Johann André Forfang
93%
3. Polska Stefan Hula
90%
3. Niemcy Richard Freitag
79%
1. Norwegia Andreas Stjernen
76%
2. Słowenia Jernej Damjan
69%
2. Słowenia Anže Semenič
52%
Nie znaleziono quizów pasujących do podanych kryteriów
Rozkład punktacji
Procent ludzi z każdym wynikiem
Percentyl według liczby udzielonych odpowiedzi
Twoja historia wyników
Nie rozwiązałeś tego quizu